History of Maine - Statistics

General Stats
  • This quiz has been taken 26 times
  • The average score is 9 of 15
Answer Stats
Hint Answer % Correct
The first National Park East of the Mississippi, established 1916 Acadia National Park
94%
Mythical lumberjack with a statue in Bangor Paul Bunyan
94%
The Capital before Augusta, now Maine's largest city Portland
94%
Europeans who may have discovered Eastern Maine around 1200 AD Vikings
94%
State that Maine was originally a part of Massachusetts
89%
War caused by the sinking of the USS Maine in 1898 Spanish-American War
78%
Author that published Uncle Tom's Cabin in 1852 Harriet Beecher Stowe
67%
City where the famous photo of Muhammed Ali standing over Sonny Liston was captured Lewiston
61%
Important shipbuilding city that has made many ships for the Navy Bath
56%
The act that made Maine a State in 1820 Missouri Compromise
50%
Native American group who killed many early settlers, fighting in King Philip's War Wabanaki
50%
Mainer chosen as Abraham Lincoln's 1st Vice President Hannibal Hamlin
33%
Border dispute with Canada that almost led to war in the 1830s Aroostook War
22%
First women to serve in both houses of Congress Margaret Chase Smith
22%
First confirmed European settlement in Maine St. Croix Island
6%
No matching quizzes found
Score Distribution
Percent of People with Each Score
Percentile by Number Answered
Your Score History
You have not taken this quiz